MARC

LEADER 00000nam0a2200000 4500
001 73023
005 20231031084044.0
035 |a (RuTPU)RU\TPU\book\77860 
090 |a 73023 
100 |a 20050207d1979 km y0rusy50 ca 
101 0 |a rus 
102 |a RU 
105 |a a g 001zy 
200 1 |a Справочник по наладке вторичных цепей электростанций и подстанций  |f О. А. Гильчер, А. Е. Гомберг, Л. Ф. Колесников и др.  |g Под ред. Э. С. Мусаэляна 
210 |a Москва  |c Энергия  |d 1979 
215 |a 367 с.  |c ил. 
320 |a Библиогр.: с. 363-364. 
320 |a Предметный указатель: с. 365-367. 
610 1 |a электроэнергетика 
610 1 |a электростанции 
610 1 |a электрические подстанции 
610 1 |a вторичные цепи 
610 1 |a наладка 
610 1 |a релейные приборы 
610 1 |a генераторы 
610 1 |a трансформаторы 
610 1 |a справочники 
675 |a 621.311.2.002.5-77(035)  |v 3 
675 |a 621.311.4(035)  |v 3 
701 1 |a Гильчер  |b О. А.  |g Оскар Артурович 
701 1 |a Гомберг  |b А. Е.  |g Александр Ефимович 
701 1 |a Колесников  |b Л. Ф.  |g Леонид Федорович 
701 1 |a Мирумян  |b М. М.  |g Михаил Михайлович 
701 1 |a Плетнев  |b Л. Ф.  |g Лев Федорович 
701 1 |a Рыжавский  |b Г. Я.  |g Генрих Яковлевич 
701 1 |a Филиппов  |b М. М.  |g Михаил Михайлович 
702 1 |a Мусаэлян  |b Э. С.  |g Эрик Суренович  |4 340 
801 1 |a RU  |b 63413507  |c 20050207  |g PSBO 
801 2 |a RU  |b 63413507  |c 20220621  |g PSBO 
942 |c BK